| 000 | 00354nam a2200109 4500 | ||
|---|---|---|---|
| 008 | 250930b |||||||| |||| 00| 0 eng d | ||
| 245 |
_aBharat Journal of Case Studies _cEdited by Sweta Mittal |
||
| 260 |
_aNew Delhi _bPrints Publications Pvt Ltd _cJune 2025 |
||
| 300 | _aVol 1, No. 1 | ||
| 310 |
_aHalf Yearly _b1 June 2025 |
||
| 942 |
_2ddc _cSR _mBHA _s1 |
||
| 999 |
_c213536 _d213536 |
||